<?xml version="1.0" encoding="UTF-8"?>
<collection xmlns="http://www.loc.gov/MARC21/slim">
 <record>
  <leader>01575cam a2200385 a 4500</leader>
  <controlfield tag="001">000044081</controlfield>
  <controlfield tag="003">2296</controlfield>
  <controlfield tag="005">20060317095308.0</controlfield>
  <controlfield tag="008">010217b2003    vm            000   vie</controlfield>
  <datafield tag="020" ind1=" " ind2=" ">
   <subfield code="c">16000</subfield>
  </datafield>
  <datafield tag="040" ind1=" " ind2=" ">
   <subfield code="a">LRC</subfield>
   <subfield code="c">LRC</subfield>
   <subfield code="d">LRC</subfield>
  </datafield>
  <datafield tag="041" ind1="0" ind2=" ">
   <subfield code="a">vie</subfield>
  </datafield>
  <datafield tag="082" ind1="1" ind2="4">
   <subfield code="a">690.028</subfield>
   <subfield code="b">PH-D</subfield>
  </datafield>
  <datafield tag="100" ind1="1" ind2=" ">
   <subfield code="a">Phạm Quang Dũng.</subfield>
  </datafield>
  <datafield tag="245" ind1="1" ind2="0">
   <subfield code="a">Máy xây dựng :</subfield>
   <subfield code="b">Phần bài tập /</subfield>
   <subfield code="c">Phạm Quang Dũng (chủ biên), Nguyễn Văn Hùng, Lưu Bá Thuận.</subfield>
  </datafield>
  <datafield tag="260" ind1=" " ind2=" ">
   <subfield code="a">Hà Nội :</subfield>
   <subfield code="b">Khoa học và kỹ thuật,</subfield>
   <subfield code="c">2003.</subfield>
  </datafield>
  <datafield tag="300" ind1=" " ind2=" ">
   <subfield code="a">271 tr. :</subfield>
   <subfield code="b">mh. ;</subfield>
   <subfield code="c">27 cm.</subfield>
  </datafield>
  <datafield tag="520" ind1="3" ind2=" ">
   <subfield code="a">Khái niệm chung về máy xây dựng. Các phương tiện vận chuyển. Máy nâng. Máy làm đất. Thiết bị gia cố nền móng. Máy và thiết bị gia công đá. Máy phục vụ công tác bê tông. Máy và thiết bị làm đường. Khai thác máy xây dựng. Những đơn vị đo lường dùng trong sách.</subfield>
  </datafield>
  <datafield tag="630" ind1="0" ind2="4">
   <subfield code="a">Máy xây dựng.</subfield>
  </datafield>
  <datafield tag="630" ind1="0" ind2="4">
   <subfield code="a">Xây dựng.</subfield>
  </datafield>
  <datafield tag="650" ind1="0" ind2="4">
   <subfield code="a">Máy xây dựng.</subfield>
  </datafield>
  <datafield tag="700" ind1="1" ind2=" ">
   <subfield code="a">Nguyễn Văn Hùng.</subfield>
  </datafield>
  <datafield tag="700" ind1="1" ind2=" ">
   <subfield code="a">Lưu Bá Thuận.</subfield>
  </datafield>
  <datafield tag="OWN" ind1=" " ind2=" ">
   <subfield code="a">DUT</subfield>
  </datafield>
  <datafield tag="AVA" ind1=" " ind2=" ">
   <subfield code="a">UDN50</subfield>
   <subfield code="b">DUT</subfield>
   <subfield code="c">Book</subfield>
   <subfield code="d">690.028 PH-D</subfield>
   <subfield code="e">available</subfield>
   <subfield code="t">Error 5001 Not defined in file expand_doc_bib_avail.</subfield>
   <subfield code="f">7</subfield>
   <subfield code="g">0</subfield>
   <subfield code="h">N</subfield>
   <subfield code="i">4</subfield>
   <subfield code="j">SH</subfield>
   <subfield code="k">1</subfield>
  </datafield>
  <datafield tag="999" ind1=" " ind2=" ">
   <subfield code="a">From the UDN01</subfield>
  </datafield>
  <datafield tag="AVA" ind1=" " ind2=" ">
   <subfield code="a">UDN50</subfield>
   <subfield code="b">DUT</subfield>
   <subfield code="c">Book</subfield>
   <subfield code="d">690.028 PH-D</subfield>
   <subfield code="e">available</subfield>
   <subfield code="t">Error 5001 Not defined in file expand_doc_bib_avail.</subfield>
   <subfield code="f">7</subfield>
   <subfield code="g">0</subfield>
   <subfield code="h">N</subfield>
   <subfield code="i">4</subfield>
   <subfield code="j">SH</subfield>
   <subfield code="k">1</subfield>
  </datafield>
  <datafield tag="TYP" ind1=" " ind2=" ">
   <subfield code="a">Monograph</subfield>
  </datafield>
  <datafield tag="TYP" ind1=" " ind2=" ">
   <subfield code="a">Printed language</subfield>
  </datafield>
  <datafield tag="980" ind1=" " ind2=" ">
   <subfield code="a">Mạng thư viện Đại học Đà Nẵng</subfield>
  </datafield>
 </record>
</collection>
